00524nam a2200193 a 4500001001300000003000900013005001700022008004100039020002200080082001800102100002900120245004000149260002500189300000900214500003500223505002700258650001600285700002900301nice12345678IN_TiNIC20260116013259.0050524s2000 dela grp 000 0 eng  a8172140 c2000a262.0095bFER aFernandez-Calienes, Paul aAsian Church in the New Millennium. aDelhi bISPCK c2000 a246p aincludes index and biblioraphy2 aappendix, Bibliography aChurch-Asia1 aFernandez-Calienes, Paul